| 000 -LEADER |
| fixed length control field |
01195nam a22002177a 4500 |
| 005 - DATE AND TIME OF LATEST TRANSACTION |
| control field |
20191217143305.0 |
| 008 - FIXED-LENGTH DATA ELEMENTS--GENERAL INFORMATION |
| fixed length control field |
191217b ||||| |||| 00| 0 eng d |
| 020 ## - INTERNATIONAL STANDARD BOOK NUMBER |
| International Standard Book Number |
9781785996412 |
| 040 ## - CATALOGING SOURCE |
| Transcribing agency |
KH8 |
| 082 ## - DEWEY DECIMAL CLASSIFICATION NUMBER |
| Classification number |
FIC POE |
| 100 ## - MAIN ENTRY--PERSONAL NAME |
| Personal name |
Poe, Edgar Allan |
| Relator term |
author |
| 245 ## - TITLE STATEMENT |
| Title |
Classic tales of horror / |
| Statement of responsibility, etc. |
Edgar Allan Poe. |
| 260 ## - PUBLICATION, DISTRIBUTION, ETC. |
| Place of publication, distribution, etc. |
London : |
| Name of publisher, distributor, etc. |
Arcturus Publishing Ltd, |
| Date of publication, distribution, etc. |
2016. |
| 300 ## - PHYSICAL DESCRIPTION |
| Extent |
238 pages ; |
| Dimensions |
20 cm. |
| 505 ## - FORMATTED CONTENTS NOTE |
| Formatted contents note |
Introduction --<br/>Metzengerstein --<br/>The assignation (The visionary) --<br/>Berenice --<br/>Morella --<br/>King Pest --<br/>Shadow: a parable --<br/>Ligeia --<br/>The fall of the House of Usher --<br/>William Wilson --<br/>The amn of the crowd --<br/>The oval protrait --<br/>The masque of the Red Death --<br/>The pit and the pendulum --<br/>The tell-tale heart --<br/>The black cat --<br/>The premature burial --<br/>The oblong box --<br/>The imp of the pervere --<br/>The cask of Amontillado --<br/>Hop-frog. |
| 520 ## - SUMMARY, ETC. |
| Summary, etc. |
"This collection of chilling horror stories from the maestro of suspense contains nearly 20 of Edgar Allan Poe's best known stories" |
| 650 ## - SUBJECT ADDED ENTRY--TOPICAL TERM |
| Topical term or geographic name entry element |
Horror tales, American. |
| 650 ## - SUBJECT ADDED ENTRY--TOPICAL TERM |
| Topical term or geographic name entry element |
Short stories, American. |
| 650 ## - SUBJECT ADDED ENTRY--TOPICAL TERM |
| Topical term or geographic name entry element |
Short stories, American -- 19th century. |
| 942 ## - ADDED ENTRY ELEMENTS (KOHA) |
| Source of classification or shelving scheme |
|
| Koha item type |
Books - Fiction |